000 01067cam a22003011 4500
001 10258
003 BD-RjUL
005 20211208234925.0
008 140123s1948 nyu 001 0 eng
035 _a(BD-RjUL)10306
035 _a(OCoLC)2313484
040 _aDLC
_cODaWU
_dDLC
_dBD-RjUL
_beng
041 _aeng
082 _a541.3453
_bVET
100 1 _aVerwey, E. J. W.
_q(Evert Johannes Willem)
_931695
245 1 0 _aTheory of the stability of lyophobic colloids;
_bthe interaction of sol particles having an electric double layer,
_cby E. J. W. Verwey and J. Th. G. Overbeek, with the collaboration of K. Van Nes.
260 _aNew York :
_bElsevier Pub. Co.,
_c1948.
300 _axi, 205 p. :
_bdiagrs. ;
_c25 cm.
504 _aIncludes index.
650 0 _aColloids.
_929529
650 0 _aAdsorption.
_931696
650 0 _aIonization.
_931697
700 1 _aOverbeek, J. Th. G.
_q(Jan Theodoor Gerard),
_d1911-
_ejoint author.
_931698
700 1 _aNes, K. van,
_ejoint author.
_931699
942 _2ddc
_cBK
999 _c10258
_d10258